000 01309nam a2200337 c 4500
003 BLK
005 20200515101104.0
008 180410b bul|||||r ||||||| ||bul||
010 _aKNG00156583000
020 _a978-619-150-150-270-7
_bиздат.: Колибри
040 _aBLK
041 _aBUL
_cBUL
072 7 _2bullib
_aН83
_xЧужда художествена литература Н
080 _aИталианска литература
_b821.131.1
_x-31
_z821.131.1-31
100 1 _aВоло, Фабио
_eпърви автор
_949198
700 1 _aИванова, Надежда
_eпрев. от итал.
_9380538
139 _aВоло, Фабио
_bВ 82
245 1 0 _aПървите утринни лъчи
_bРоман
_cФабио Воло; прев. от итал. Надежда Иванова.
257 _aITA
260 София
_bКолибри
_c2014
_fСофия : Инвестпрес
300 _a240 с.
_c20 см
380 _aX
500 _aОриг. загл. Le prime luci del mattino / Съдържа и за авт.
653 _aромани
659 _aН
852 _aЦб 268063
856 4 _qpdf
_u
856 4 _qpdf
_u
942 _cKNG
_n0
_03
944 _aCR
_c13.02.2014
_lф /
_kВиолета_Тройчева
944 _aED
_c17.12.2016
_lф /
_kПенка_Димитрова
999 _c150264
_d150264